Stati della Comunità del Pacifico - Statistics

Statistiche generali
  • Questo quiz è stato fatto 9 volte
  • Il punteggio medio è 20 su 27
Statistiche sulle risposte
Continente Nazione % Corretto
Oceania Australia
100%
Oceania Kiribati
100%
Oceania Nauru
100%
Oceania Nuova Zelanda
100%
Oceania Samoa
100%
Oceania Samoa Americane
100%
Oceania Stati Federati di Micronesia
100%
America del Nord Stati Uniti
100%
Oceania Tonga
100%
Oceania Tuvalu
100%
Europa Francia
83%
Oceania Palau
83%
Oceania Papua Nuova Guinea
83%
Europa Regno Unito
83%
Oceania Vanuatu
83%
Oceania Figi
67%
Oceania Isole Salomone
67%
Oceania Isole Cook
50%
Oceania Isole Marianne Settentrionali
50%
Oceania Isole Marshall
50%
Oceania Niue
50%
Oceania Nuova Caledonia
50%
Oceania Polinesia francese
50%
Oceania Guam
33%
Oceania Isole Pitcairn
33%
Oceania Tokelau
33%
Oceania Wallis e Futuna
33%
Nessun quiz corrispondente trovato
Distribuzione punteggi
Percentuale di utenti per punteggio
Percentile per numero di risposta
I tuoi punteggi nel tempo
Non hai fatto questo quiz